000
00339nam a2200145Ia 4500
008
230718s9999 xx 000 0 und d
041
_a
Eng.
082
_a
348.02
_b
MAH-T
100
_a
Mahmood M.
245
4
_a
The pakistan Penal code
260
_a
Pakistan
_b
Al Qanoon Publishers
_c
2011
300
_a
1990
650
_a
Law
999
_c
29891
_d
29891